000 00447nam a22001337a 4500
008 150512b xxu||||| |||| 00| 0 eng d
050 _aQA 21 .H6 1967
100 _aHogben, Lancelot
_d1967
245 _aMathematics for the millions/
_cLancelot Hogben.
260 _aLondon:
_bGeorge Allen & Unwin Ltd,
_c1967.
300 _a648p.: ill.
_bIncludes index
650 _aMathematics
942 _2lcc
_cBOOKS
_hQA 21 .H6 1967
_kQA
_m21 .H6 1967
999 _c523
_d523